[Event "Sao Paulo Schutt Cup"]
[Site "Sao Paulo"]
[Date "2019.09.15"]
[Round "6"]
[White "Laguna, Oscar Alexander San"]
[Black "Degenhardt, Victor"]
[Result "1-0"]
[WhiteElo "1034"]
[BlackElo "1694"]
[PlyCount "51"]
[EventDate "2019.09.13"]
[EventType "swiss"]
[EventRounds "6"]
[EventCountry "BRA"]
[SourceTitle "EXT 2020"]
[Source "ChessBase"]
[SourceDate "2019.10.17"]
[SourceVersion "1"]
[SourceVersionDate "2019.10.17"]
[SourceQuality "1"]

1. e4 e5 2. Nf3 Nc6 3. Bb5 d6 4. d4 exd4 5. Nxd4 Bd7 6. Nc3 Nf6 7. 0-0 g6 8. f4 Bg7 9. Re1 0-0 10. Nxc6 bxc6 11. Bd3 c5 12. Bc4 Bc6 13. Bd5 Qd7 14. Bxc6 Qxc6 15. Nd5 Rfe8 16. Nxf6+ Bxf6 17. Qf3 Re7 18. e5 Qxf3 19. gxf3 dxe5 20. fxe5 Rxe5 21. Rxe5 Bxe5 22. c3 Rd8 23. Be3 Bd6 24. Kg2 Re8 25. Re1 Kf8 26. Bh6+ 1-0

[Event "Sao Paulo Schutt Cup"]
[Site "Sao Paulo"]
[Date "2019.09.13"]
[Round "1"]
[White "De Oliveira, Francemir Barra"]
[Black "Degenhardt, Victor"]
[Result "1-0"]
[WhiteElo "1631"]
[BlackElo "1694"]
[PlyCount "65"]
[EventDate "2019.09.13"]
[EventType "swiss"]
[EventRounds "6"]
[EventCountry "BRA"]
[SourceTitle "EXT 2020"]
[Source "ChessBase"]
[SourceDate "2019.10.17"]
[SourceVersion "1"]
[SourceVersionDate "2019.10.17"]
[SourceQuality "1"]

1. e4 e5 2. Nf3 Nc6 3. d4 exd4 4. Bc4 Be7 5. 0-0 d6 6. Nxd4 Nf6 7. a3 0-0 8. Nc3 Nxd4 9. Qxd4 c6 10. f4 d5 11. exd5 Qb6 12. Qxb6 axb6 13. dxc6 bxc6 14. Be3 c5 15. h3 Re8 16. Rfe1 Bb7 17. Rad1 Ne4 18. Nb5 Bf6 19. c3 Rad8 20. Bc1 h6 21. Nc7 Rxd1 22. Rxd1 Rc8 23. Rd7 Rf8 24. Ne6 Bc8 25. Nxf8 Bxd7 26. Nxd7 b5 27. Bxb5 Nd6 28. Nxf6+ gxf6 29. Bc6 Nc4 30. b3 Na5 31. Bd5 f5 32. Be3 Kg7 33. b4 1-0